Stadiums of 2002 FIFA World Cup with a Map - Statistics

General Stats
  • This quiz has been taken 20 times
  • The average score is 9 of 20
Answers on the Map
Answers color-coded by a green-red scale on the quiz's map according to % correct below.
 
Answer Stats
Stadium % Correct
Seoul World Cup Stadium
92%
Daegu Stadium
83%
Incheon Munhak Stadium
83%
Nissan Stadium
83%
Gwangju World Cup Stadium
67%
Jeju World Cup Stadium
58%
Saitama Stadium 2002
58%
Daejeon World Cup Stadium
50%
Sapporo Dome
50%
Suwon World Cup Stadium
50%
Busan Asiad Main Stadium
33%
Jeonju World Cup Stadium
33%
Miyagi Stadium
33%
Ulsan Munsu Football Stadium
33%
Kashima Soccer Stadium
25%
Denka Big Swan Stadium
17%
NOEVIR Stadium Kobe
17%
Shizuoka Stadium ECOPA
17%
Showa Denko Dome Ōita
17%
Yanmar Stadium Nagai
17%
No matching quizzes found
Score Distribution
Percent of People with Each Score
Percentile by Number Answered
Your Score History
You have not taken this quiz